| 000 | 01043nam a2200337 i 4500 | ||
|---|---|---|---|
| 001 | ALH3932BB | ||
| 003 | EG-ScBUE | ||
| 005 | 20240919095928.0 | ||
| 008 | 990518s1995 tu a f b 001 0 eng d | ||
| 020 | _a9757622141 | ||
| 020 | _a9789757622147 | ||
| 035 | _a(InU)ALH3932BB | ||
| 035 | _a(OCoLC)ocm33834184 | ||
| 040 |
_aCGU _beng _erda _cCGU _dEG-ScBUE |
||
| 043 | _aa-tu--- | ||
| 082 | 0 | 4 |
_222 _a728.094961 _bKUB |
| 100 | 1 |
_aKuban, Doğan, _eauthor. |
|
| 245 | 1 | 4 |
_aThe Turkish hayat house / _cDoğan Kuban. |
| 264 | 1 |
_aIstanbul : _bMuhittin Eren, _c1995. |
|
| 300 |
_a279 pages : _billustrations (some color) ; _c34 cm |
||
| 336 |
_2rdacontent _atext _btxt |
||
| 337 |
_2rdamedia _aunmediated _bn |
||
| 338 |
_2rdacarrier _avolume _bnc |
||
| 504 | _aIncludes bibliographical references and index. | ||
| 650 | 7 |
_aArchitecture, Domestic _zTurkey _xHistory. _2BUEsh |
|
| 650 | 7 |
_aVernacular architecture _zTurkey _xHistory. _2BUEsh |
|
| 653 |
_cSeptember2024 _bART |
||
| 655 | _vReading book | ||
| 942 |
_2ddc _cBB |
||
| 998 | _c5/18/1999 | ||
| 999 |
_c30818 _d30789 |
||